000 02534cam a22003371i 4500
003 OSt
005 20250716055744.0
008 250715s2015 le g b 00010 ara c
020 _a9786144371732
035 _a276818
040 _aoqa
_bara
_cSA-RiAUC
_erda
043 _aa-su---
_aar-----
082 0 4 _a215.1
_qSA-RiAUC
090 _a215.1
_bب هـ و
100 1 _aالبهوتي، منصور بن يونس بن صلاح الدين،
_d1000-1051 هجري
_eمؤلف.
245 1 0 _aرسائل علماء الإسلام في قتال من استباح مكة وقتل الأنام متضمنة لأحكام الخوارج والبغاة وقطاع الطرق /
_cمنصور بن يونس بن إدريس البهوتي الحنبلي ؛ دراسة وتحقيق أبي هاشم إبراهيم بن منصور الهاشمي الأمير.
250 _aالطبعة الأولى.
264 1 _aبيروت :
_bدار البشائر الإسلامية،
_c2015
300 _a320 صفحة ؛
_c24 سم
336 _aنص
_btxt
_2rdacontent
_3كتاب
337 _aبدون وسيط
_bn
_2rdamedia
338 _aمجلد
_bnc
_2rdacarrier
504 _aيشتمل علي إرجاعات ببليوجرافية.
505 0 _tإعلام الأعلام بقتال من انتهك حرمة البيت الحرام /
_tإنفاذ الأوامر الإلهية بتبصرة العساكر العثمانية وإنقاذ سكان الجزيرة العربية /
_tالسيف المجرم لقتال من هتك حرمة الحرم المحرم /
_tقصيدة في حادثة استباحة وقتل أهل البلد الحرام /
_rالفقيه منصور بن يونس بن صلاح الدين-
_rالفقيه حسن بن عمار بن علي الشرنبلالي-
_rالفقيه المفتي نوح بن مصطفى المتوفى سنة 1070 هجري -
_rللأديب يكن الدين محمد المكي كان حيا 1041 هجري
610 2 7 _aالمسجد الحرام
_xفضائل
_2aucnm
651 7 _aمكة المكرمة
_xفضائل
_2aucsh
700 1 _aالأمير، أبو هاشم إبراهيم بن منصور الهاشمي
_eمحقق.
700 1 2 _iتحقيق لـ (عمل) :
_aالبهوتي، منصور بن يونس بن صلاح الدين،
_d1000-1051 هجري.
_tرسائل علماء الإسلام في قتال من استباح مكة وقتل الأنام متضمنة لأحكام الخوارج والبغاة وقطاع الطرق.
942 _2ddc
_cBOOK
_n0
949 _aSA-JeALM
_d250715
_umohamedma123
_n1
999 _c9968
_d9968